000 00419cam a2200181 4500
001 D7747
008 090401t1985 xxu||||| |||| 00| 0 eng d
035 _a(Sirsi) u9110
041 _aeng
050 _a692.9
100 _aParris, John
245 _aDefault by sub-contractors and suppliers
260 _aLondon
_bCollins
_c1985
300 _ax. 223p. 24cm
350 _a17.95
942 _n0
948 _c04/03/1997
999 _c86601
_d86601